000 01055cam a2200229 4500
001 J117724
008 020429n2002 000 0 eng u
035 _a(Sirsi) u117724
041 _aeng.
050 _a690.8
110 _aHousing Forum
_93949
245 _aHoming in on excellence
_ba commentary on the use of offsite fabrication methods for the UK housebuilding industry
_h[electronic resource]
260 _aLondon
_bHousing Forum
_c2002
300 _a81p.
_c30cm.
520 _aThis report looks at the range of opportunities offsite fabrication presents for housing design and construction, as well as guidance in avoiding potential pitfalls. Aims to encourage the wider adoption of such factory-based processes in delivering high quality houses to the UK market.
650 _aHOUSE BUILDING
650 _aHOUSING DESIGN
650 _aOFFSITE FABRICATION
690 _aBUILT ENVIRONMENT
856 _uhttps://housingforum.org.uk/sites/default/files/hioe-280202.pdf
_z View this item free of charge at housingforum.org.uk
942 _n0
999 _c102055
_d102055